MARC

LEADER 00000nam0a2200000 4500
001 220838
005 20231101230350.0
010 |a 5030012109 
035 |a (RuTPU)RU\TPU\book\240972 
090 |a 220838 
100 |a 20120904d1990 k y0rusy50 ca 
101 1 |a rus  |c eng 
102 |a RU 
105 |a a z 001zy 
200 1 |a Количественный анализ хроматографическими методами  |e пер. с англ.  |f ред. Э. Кэц 
210 |a Москва  |c Мир  |d 1990 
215 |a 320 с.  |c ил. 
320 |a Библиография в конце глав. 
606 1 |a Хроматография  |2 stltpush  |3 (RuTPU)RU\TPU\subj\17626  |9 43222 
610 1 |a количественный анализ 
610 1 |a хроматографические методы 
610 1 |a жидкостная хроматография 
610 1 |a детектирование 
610 1 |a газовая хроматография 
610 1 |a газохроматографический анализ 
610 1 |a тонкослойная хроматография 
610 1 |a фармацевтические препараты 
610 1 |a автоматизация 
610 1 |a физико-химическая информация 
675 |a 543.544  |v 3 
702 1 |a Кэц  |b Э.  |g Элена  |4 340 
801 1 |a RU  |b 63413507  |c 20120904 
801 2 |a RU  |b 63413507  |c 20200203  |g RCR 
942 |c BK